00442nam a2200121Ia 4500082001200000100001600012245007900028260007600107300000900183650001800192650004000210710007000250 aRR.0006 aRaina, M.K. 0aSocial cultural changes in creative functioning in children : Final report c1984bNational Council for Educational Research and Training, New Delhi a31p. aSOCIAL CHANGE aCREATIVE ABILITY (CHILD PSYCHOLOGY) aNational Council for Educational Research and Training, New Delhi